Fundamentals of nanotechnology

Saved in:
Bibliographic Details
Main Authors Hornyak, Gabor L. (Author), Moore, John J. (Author), Tibbals, Harry F. (Author), Dutta, Joydeep (Author)
Format Book
LanguageEnglish
Published Boca Raton ; London ; New York : CRC Press, Taylor & Francis Group, [2009]
Subjects
ISBN978-1-4200-4803-2 978-0-4200-4803-2
Physical Descriptionxxviii, 780 stran : barevné ilustrace ; 26 cm

Cover

LEADER 00000nam a2200000 i 4500
001 115559
003 CZ ZlUTB
005 20260429094447.0
007 ta
008 260429t20092009xxua e p 001 0 eng d
020 |a 978-1-4200-4803-2  |q (vázáno)  |z 978-0-4200-4803-2 
040 |a ZLD002  |b cze  |e rda 
044 |a xxu  |a xxk 
072 7 |a 62  |x Technika všeobecně  |2 Konspekt  |9 19 
072 7 |a 37.016  |x Učební osnovy. Vyučovací předměty. Učebnice  |2 Konspekt  |9 22 
080 |a 62-022.513.2  |2 MRF 
080 |a 620.2-022.513.2  |2 MRF 
080 |a 338.45  |2 MRF 
080 |a (075.8)  |2 MRF 
100 1 |a Hornyak, Gabor L.  |q (Gabor Louis)  |7 stk2008442013  |4 aut 
245 1 0 |a Fundamentals of nanotechnology /  |c Gabor L. Hornyak, John J. Moore, Harry F. Tibbals, Joydeep Dutta 
264 1 |a Boca Raton ;  |a London ;  |a New York :  |b CRC Press, Taylor & Francis Group,  |c [2009] 
264 4 |c ©2009 
300 |a xxviii, 780 stran :  |b barevné ilustrace ;  |c 26 cm 
336 |a text  |b txt  |2 rdacontent 
337 |a bez média  |b n  |2 rdamedia 
338 |a svazek  |b nc  |2 rdacarrier 
500 |a Vázáno vyšlo 2019 
504 |a Obsahuje bibliografie, bibliografické odkazy a rejstřík 
650 0 7 |a nanotechnologie  |7 ph123164  |2 czenas 
650 0 7 |a nanomateriály  |7 ph138053  |2 czenas 
650 0 7 |a průmysl  |7 ph115920  |2 czenas 
650 0 9 |a nanotechnology  |2 eczenas 
650 0 9 |a nanomaterials  |2 eczenas 
650 0 9 |a industries  |2 eczenas 
655 7 |a učebnice vysokých škol  |7 fd133772  |2 czenas 
655 9 |a textbooks (higher)  |2 eczenas 
700 1 |a Moore, John J.  |4 aut 
700 1 |a Tibbals, Harry F.  |7 xx0175186  |4 aut 
700 1 |a Dutta, Joydeep  |4 aut 
710 2 |a CRC Press  |7 nlk20050162315  |4 pbl 
710 2 |a Taylor & Francis  |7 kn20091109006  |4 pbl 
910 |a ZLD002 
928 9 |a Taylor & Francis Group 
942 |2 udc 
952 |0 0  |1 0  |4 0  |5 0  |6 62HORNYAKGL  |7 -1  |8 BOOK  |9 190919  |a UTBZL  |b UTBZL  |c 005  |d 2026-04-29  |l 0  |o 62/HORNYAK,G.L.  |p 420010201995  |r 2026-04-29 09:45:40  |v 2155.00  |w 2026-04-29  |x N:nákup  |y 01 
992 |a BK  |b SKNEW 
999 |c 115559  |d 115559